<?xml version="1.0" encoding="UTF-8"?><?xml-stylesheet type="text/xsl" href="static/style.xsl"?><OAI-PMH xmlns="http://www.openarchives.org/OAI/2.0/" xmlns:xsi="http://www.w3.org/2001/XMLSchema-instance" xsi:schemaLocation="http://www.openarchives.org/OAI/2.0/ http://www.openarchives.org/OAI/2.0/OAI-PMH.xsd"><responseDate>2026-06-01T01:47:56Z</responseDate><request verb="GetRecord" identifier="oai:riubu.ubu.es:10259/5585" metadataPrefix="marc">https://riubu.ubu.es/oai/request</request><GetRecord><record><header><identifier>oai:riubu.ubu.es:10259/5585</identifier><datestamp>2025-05-12T07:38:46Z</datestamp><setSpec>com_10259_2604</setSpec><setSpec>com_10259_3830</setSpec><setSpec>com_10259_5086</setSpec><setSpec>col_10259_5684</setSpec><setSpec>col_10259_5497</setSpec></header><metadata><record xmlns="http://www.loc.gov/MARC21/slim" xmlns:doc="http://www.lyncode.com/xoai" xmlns:xsi="http://www.w3.org/2001/XMLSchema-instance" xmlns:dcterms="http://purl.org/dc/terms/" xsi:schemaLocation="http://www.loc.gov/MARC21/slim http://www.loc.gov/standards/marcxml/schema/MARC21slim.xsd">
<leader>00925njm 22002777a 4500</leader>
<datafield tag="042" ind1=" " ind2=" ">
<subfield code="a">dc</subfield>
</datafield>
<datafield tag="720" ind1=" " ind2=" ">
<subfield code="a">Sánchez Saiz, Rosa María</subfield>
<subfield code="e">author</subfield>
</datafield>
<datafield tag="720" ind1=" " ind2=" ">
<subfield code="a">Ahedo García, Virginia</subfield>
<subfield code="e">author</subfield>
</datafield>
<datafield tag="720" ind1=" " ind2=" ">
<subfield code="a">Santos Martín, José Ignacio</subfield>
<subfield code="e">author</subfield>
</datafield>
<datafield tag="720" ind1=" " ind2=" ">
<subfield code="a">Gómez, Sergio</subfield>
<subfield code="e">author</subfield>
</datafield>
<datafield tag="720" ind1=" " ind2=" ">
<subfield code="a">Galán Ordax, José Manuel</subfield>
<subfield code="e">author</subfield>
</datafield>
<datafield tag="260" ind1=" " ind2=" ">
<subfield code="c">2021</subfield>
</datafield>
<datafield tag="520" ind1=" " ind2=" ">
<subfield code="a">The dataset is made up of eleven networks, one corresponding to each city (Madrid, Barcelona, Valladolid, Burgos, Salamanca, León, Palencia, Zamora, Ávila, Segovia and Soria). The nodes represent retail stores listed in the Yellow Pages. Each node contains the category code to which they are classified according to 68 codes of The North American Industry Classification System for small businesses (NAICS). There is a link between both nodes if the stores are within a linear distance of 100 meters.</subfield>
</datafield>
<datafield tag="024" ind2=" " ind1="8">
<subfield code="a">Sánchez Saiz, Rosa María; Ahedo García, Virginia; Santos Martín, José Ignacio; Gómez, Sergio; Galán Ordax, José Manuel; 2021; "Dataset of the retailing location networks in the cities of Castile-Leon, Madrid and Barcelona"; RIUBU; http://doi.org/10.71486/axky-hf42</subfield>
</datafield>
<datafield tag="024" ind2=" " ind1="8">
<subfield code="a">http://hdl.handle.net/10259/5585</subfield>
</datafield>
<datafield tag="024" ind2=" " ind1="8">
<subfield code="a">10.71486/axky-hf42</subfield>
</datafield>
<datafield ind1=" " ind2=" " tag="653">
<subfield code="a">retailing</subfield>
</datafield>
<datafield ind1=" " ind2=" " tag="653">
<subfield code="a">location</subfield>
</datafield>
<datafield ind1=" " ind2=" " tag="653">
<subfield code="a">balanced tenancy</subfield>
</datafield>
<datafield ind1=" " ind2=" " tag="653">
<subfield code="a">complex networks</subfield>
</datafield>
<datafield ind1=" " ind2=" " tag="653">
<subfield code="a">community analysis</subfield>
</datafield>
<datafield ind1=" " ind2=" " tag="653">
<subfield code="a">commercial structure</subfield>
</datafield>
<datafield tag="245" ind1="0" ind2="0">
<subfield code="a">Dataset of the retailing location networks in the cities of Castile-Leon, Madrid and Barcelona</subfield>
</datafield>
</record></metadata></record></GetRecord></OAI-PMH>